| 000 | 00687nam a22002057a 4500 | ||
|---|---|---|---|
| 003 | NUST - PNEC | ||
| 005 | 20170116180757.0 | ||
| 008 | 150407b xxu||||| |||| 00| 0 eng d | ||
| 020 | _a9780349106748 | ||
| 040 | _cLIBRARY | ||
| 082 | _a909.08 TUC | ||
| 100 |
_92163 _aTuchman Barbara W |
||
| 245 |
_aThe march of folly : from Troy to Vietnam _cBarbara W Tuchman |
||
| 260 |
_aLondon : _bAbacus, _cc1997. |
||
| 300 | _a559 p. : | ||
| 500 | _aIncludes index. | ||
| 650 |
_92164 _aHistory, Modern _xGeneral, History |
||
| 856 | _uhttp://www.amazon.com/March-Folly-Troy-Vietnam/dp/B008MZS822/ref=sr_1_1?s=books&ie=UTF8&qid=1428394363&sr=1-1&keywords=9780349106748 | ||
| 942 |
_2ddc _cBK |
||
| 999 |
_c62781 _d62781 |
||